000 00430ntaaa2200181 4500
003 01
005 20251027202128.0
008 0714s1973 ag 01
040 _aAR-BaBN
_bspa
_cAR-BaBN
_eaacr
_dRIC
082 _a261.834315 C14j
100 _aCamacho, José D.
_919764
245 _aJuventud en revolución
250 _a1 ed.
260 _aMiami :
_bLogoi,
_c1974
300 _a127 p
650 _arebeldia
_919765
942 _cBK
999 _c16175
_d16175